000 00402nam a22001457a 4500
005 20240309115729.0
008 240309b ||||| |||| 00| 0 eng d
040 _cAL
041 _aeng
082 _223
_a331
_bWORK
100 _aRobin Thomas
_9153608
245 _aWorkers Participation in Management in cochin Shipyard Limited
260 _aMangalore
_bSt Aloysius College
_c1996
942 _2ddc
_cPRO
999 _c230182
_d230182